The stability of deposit in Islamic banks versus conventional deposit in Malaysia /
Saved in:
| Main Author: | |
|---|---|
| Format: | Thesis |
| Language: | English |
| Published: |
Durham :
University of Durham,
2004
|
| Subjects: | |
| Tags: |
Add Tag
No Tags, Be the first to tag this record!
|
| LEADER | 010680000a22002530004500 | ||
|---|---|---|---|
| 008 | 111006t2004 xxka f 000 0 eng d | ||
| 040 | |a UIAM |b eng | ||
| 043 | |a e-uk--- | ||
| 050 | 0 | 0 | |a HG3300.6.A6 |
| 100 | 1 | |a Remali Yusoff | |
| 245 | 1 | 4 | |a The stability of deposit in Islamic banks versus conventional deposit in Malaysia / |c by Remali Yusoff |
| 260 | |a Durham : |b University of Durham, |c 2004 | ||
| 300 | |a xxv, 292 p. : |b ill. ; |c 30 cm. | ||
| 500 | |a "A thesis submitted for the degree of Doctor of Philosophy." -- On t. p. | ||
| 502 | |a Thesis (Ph. D.) -- University of Durham, 2004 | ||
| 504 | |a Includes bibliographical references (p. 232-251). | ||
| 596 | |a 1 | ||
| 650 | 0 | |a Banks and banking |z Malaysia | |
| 650 | 0 | |a Banks and banking, Islamic | |
| 650 | 0 | |a Finance |x Religious aspects Islam |z Malaysia | |
| 655 | 0 | 7 | |a Theses, Facsimile edition (Islamic) |
| 900 | |a hj-ls-nbm | ||
| 999 | |c 432485 |d 466838 | ||
| 952 | |0 0 |6 TI HG 003300.6 A6 R384S 2004 |7 0 |8 THESES |9 751780 |a IIUM |b IIUM |c MULTIMEDIA |g 640.00 |o ti HG 3300.6 A6 R384S 2004 |p 00011196878 |r 2017-10-23 |t 1 |v 640.00 |y THESIS | ||
